000 00592nam a2200181Ia 4500
008 100920s9999 xx 000 0 und d
082 _b100081
_a28 व 891,43 न 03
100 _aखण्डेलवाल अरूणा.
245 _aसमग्र सफाई.
260 _bअजय प्रकाशन,जयपूर.
_c2003
300 _a24
_bसाधी
365 _b20
520 _aबा.वि.हिंदी.
630 _aसमग्र सफाई.
650 _aबा.वि.हिंदी.
730 _aसमग्र सफाई.
942 _cBOOK
999 _c740519
_d740516